000 01679cam a22002175a 4500
001 L151663
008 101126s201x xxk f 001 0 eng d
020 _a9781846612565
035 _a(Sirsi) u151663
041 0 _aeng
100 1 _aAngela Sydenham
245 0 0 _aPublic rights of way and access to land
250 _a4th ed.
260 _aBristol
_Jordan
_c2010.
300 _axlix, 669 p. $2 5 cm.
505 2 _aDefinitions and classes of public rights of way and analogous rights -- The legal interests and rights of highway authorities, landowners, users, and utility companies -- Creation of public rights of ways -- Extinguishment and diversion orders -- Recording rights of way -- Determination of contested orders -- Ascertaining public righs of way -- Maintenance of highways -- Interference with public rights of way -- Management, common problems and conservation -- Background to the countryside and rights of way act 2000 -- Rights and obligations of public --Rights and obligations of owners and occupiers -- Entry to access land -- Management -- Coastal access.
520 _aThis edition of Public rights of way and access to land has been updated to take account of recen developments including the Marine and Coastal Access Act 2009 Part 9 introducing Coastal Access; the coming into force of man more sections of the Countryside and Rights of Way Act 2000; new regulations including the public Rights of Ways ( Hearings and Inquiry Procedure) (England) Rules SI 2007/2008. The new edition sets out the relevant parts of the Countryside and Right of Way Act 2000.
651 4 _aENGLAND AND WALES
690 _aBoundary disputes
_96221
942 _n0
999 _c111523
_d111523